00984nam a2200205Ia 4500999001500000003000900015005001700024008004100041040002800082090002100110110006300131245010600194260008000300300004700380504002400427650001700451942001200468952014900480952014900629 c2678d2678DO-SdBJH20180416180827.0180414s9999 dr 000 0 spa d aDO-SdBJHbspacDO-SdBJH aDM FM 7-10 1990 aInstituto de Cooperación para la Seguridad Hemisférica10aFM 7-10 La compañía de infantería / Instituto de Cooperación para la Seguridad Hemisférica aFuerte Benning, Georgia : Cuartel General Secretaría del Ejército, 1990 aviii, 471 páginas en varias paginaciones aIncluye apéndices 4aInfantería 2ddccBK 00102ddc40708DMaBEGEMbBEGEMcGENd2018-04-14i18-EERD-01057l0oDM FM 7-10 1990p18-EERD-01057r2018-04-14 00:00:00tEj.1w2018-04-14yBK 00102ddc40708DMaBEGEMbBEGEMcGENd2018-04-14i18-EERD-01058l0oDM FM 7-10 1990p18-EERD-01058r2018-04-14 00:00:00tEj.2w2018-04-14yBK